[Event "BL 1920 FC Bayern München - SV Mülheim "]
[Site "?"]
[Date "2021.10.16"]
[Round "14.7"]
[White "Dinstuhl, Volkmar"]
[Black "Meister, Peter"]
[Result "1/2-1/2"]
[WhiteElo "2387"]
[BlackElo "2361"]
[PlyCount "57"]
[EventDate "2021.??.??"]

1. c4 g6 2. Nc3 Bg7 3. g3 e5 4. Bg2 Nc6 5. d3 d6 6. e4 Nge7 7. Nge2 O-O 8. O-O
Be6 9. Nd5 f5 10. Be3 Qd7 11. Qd2 Rf7 12. Rac1 Raf8 13. Nxe7+ Rxe7 14. exf5
Bxf5 15. Nc3 Bh3 16. Nd5 Ref7 17. f4 exf4 18. Rxf4 Bxg2 19. Qxg2 Ne5 20. Qe2 g5
21. Rxf7 Qxf7 22. Rf1 Nf3+ 23. Kh1 g4 24. b3 Re8 25. Qf2 b6 26. Bc1 Bd4 27. Qg2
c6 28. Nf4 Be5 29. Ne2 1/2-1/2

[Event "BL 1920 FC Bayern München - SV Mülheim "]
[Site "?"]
[Date "2021.10.16"]
[Round "14.8"]
[White "Rafiee, Makan"]
[Black "Limbourg, Philipp"]
[Result "1-0"]
[WhiteElo "2324"]
[BlackElo "2244"]
[PlyCount "139"]
[EventDate "2021.??.??"]

1. e4 c5 2. Nf3 e6 3. d4 cxd4 4. Nxd4 Qb6 5. Be3 Bc5 6. Na3 d5 7. Bb5+ Bd7 8.
exd5 exd5 9. O-O Ne7 10. c3 Bxa3 11. Bxd7+ Nxd7 12. bxa3 O-O 13. Nf5 Qf6 14.
Nxe7+ Qxe7 15. Qxd5 Nf6 16. Qb3 Rfc8 17. Bd4 Rc6 18. Rfe1 Qc7 19. h3 Rc8 20.
Rab1 b6 21. Re3 Rf8 22. Rbe1 Qd6 23. Re5 h6 24. a4 Qb8 25. R1e3 Nd7 26. Re7 Nc5
27. Qd5 Rg6 28. Rf3 Ne6 29. Be5 Qc8 30. Rxa7 Ng5 31. Rg3 Rd8 32. Qb7 Qf5 33.
Bd4 Qf4 34. Qe7 Rf8 35. Qe3 Qf5 36. h4 Qb1+ 37. Kh2 Ne6 38. Rxg6 Qxg6 39. Bxb6
Qg4 40. Qg3 Qc4 41. a5 g5 42. hxg5 hxg5 43. Bd4 Kh7 44. Qe5 Nxd4 45. Qxd4 Qe2
46. Qe3 Qxa2 47. Qxg5 Qxf2 48. Rc7 Rg8 49. Qh5+ Kg7 50. Qg4+ Kh6 51. Qh3+ Kg7
52. Qg3+ Qxg3+ 53. Kxg3 Kf6+ 54. Kf3 Ra8 55. Rc5 Ke6 56. g4 Kd6 57. Rb5 Kc6 58.
c4 Rh8 59. Rh5 Rd8 60. Rf5 Rd4 61. Rxf7 Rxc4 62. a6 Kd6 63. a7 Ra4 64. g5 Ke6
65. g6 Ra1 66. Rb7 Kf6 67. g7 Ra3+ 68. Ke2 Ra2+ 69. Kd3 Ra3+ 70. Kc2 1-0

[Event "BL 1920 Hamburger SK - USV TU Dresden"]
[Site "?"]
[Date "2021.10.16"]
[Round "14.1"]
[White "Nisipeanu, Liviu-Dieter"]
[Black "Svane, Rasmus"]
[Result "1/2-1/2"]
[WhiteElo "2644"]
[BlackElo "2625"]
[PlyCount "117"]
[EventDate "2021.??.??"]

1. d4 Nf6 2. c4 e6 3. Nc3 Bb4 4. e3 O-O 5. Bd3 d5 6. cxd5 exd5 7. Nge2 Re8 8.
Bd2 Bf8 9. O-O b6 10. Nf4 c6 11. Re1 Ba6 12. Bc2 Nbd7 13. Qf3 Bb4 14. a3 Bxc3
15. Bxc3 Ne4 16. Bxe4 Rxe4 17. Qg3 f5 18. a4 Bc4 19. a5 bxa5 20. Bxa5 Qf8 21.
f3 Ree8 22. h4 Rab8 23. Bc3 Rb7 24. h5 Qd6 25. Kf2 Nf8 26. Rh1 h6 27. Rh3 Qe7
28. Re1 a5 29. Ng6 Nxg6 30. Qxg6 Qe6 31. Qxe6+ Rxe6 32. Ra1 Rbe7 33. f4 Ra7 34.
Rxa5 Rxa5 35. Bxa5 Re7 36. b4 Kf7 37. Bb6 Bd3 38. Rh1 g6 39. hxg6+ Kxg6 40. Bc5
Rh7 41. Ra1 h5 42. Ra8 h4 43. Rc8 Bb5 44. Re8 h3 45. gxh3 Rxh3 46. Bd6 Rh2+ 47.
Kg3 Rb2 48. Rg8+ Kh7 49. Rf8 Bd3 50. Rc8 Rc2 51. Be5 Be4 52. Kh4 Kg6 53. Rf8
Rh2+ 54. Kg3 Rg2+ 55. Kh3 Re2 56. Kh4 Rh2+ 57. Kg3 Rg2+ 58. Kh3 Re2 59. Kh4
1/2-1/2

[Event "BL 1920 Hamburger SK - USV TU Dresden"]
[Site "?"]
[Date "2021.10.16"]
[Round "14.2"]
[White "Miton, Kamil"]
[Black "Bartel, Mateusz"]
[Result "0-1"]
[WhiteElo "2579"]
[BlackElo "2597"]
[PlyCount "72"]
[EventDate "2021.??.??"]

1. d4 d5 2. c4 c6 3. Nf3 Nf6 4. e3 Bf5 5. Nc3 e6 6. Nh4 Be4 7. f3 Bg6 8. Qb3
Qc7 9. Bd2 Be7 10. Nxg6 hxg6 11. g3 O-O 12. Rc1 Qd7 13. cxd5 exd5 14. Na4 Re8
15. Bd3 b5 16. Nc3 a5 17. a4 b4 18. Ne2 Qa7 19. O-O c5 20. Bb5 Nbd7 21. Be1 Bd6
22. Bf2 c4 23. Qd1 Re7 24. b3 c3 25. h4 Rae8 26. Qd3 Qb8 27. Kg2 Re6 28. g4
R8e7 29. Rce1 Nxg4 30. fxg4 Nf6 31. Bg1 Re4 32. Rxf6 gxf6 33. Bf2 Qc8 34. Ng3
Rxg4 35. Qe2 Rxh4 36. Rh1 Rxh1 0-1

[Event "BL 1920 Hamburger SK - USV TU Dresden"]
[Site "?"]
[Date "2021.10.16"]
[Round "14.3"]
[White "Vogel, Roven"]
[Black "Kempinski, Robert"]
[Result "1/2-1/2"]
[WhiteElo "2453"]
[BlackElo "2565"]
[PlyCount "88"]
[EventDate "2021.??.??"]

1. e4 c5 2. Nf3 e6 3. d4 cxd4 4. Nxd4 Nc6 5. Nc3 a6 6. Be2 d6 7. O-O Nf6 8. Qd3
Nxd4 9. Qxd4 Bd7 10. a4 Be7 11. b4 O-O 12. Bb2 Qc7 13. Bd3 Rfc8 14. Ne2 e5 15.
Qe3 Be6 16. Nc3 a5 17. b5 Qc5 18. Nd1 Qxe3 19. Nxe3 Nd7 20. g3 Rc7 21. f4 f6
22. Kf2 Nc5 23. Ke2 Rac8 24. Rfc1 exf4 25. gxf4 Bf7 26. Re1 Bf8 27. Kd2 Rd7 28.
Nd5 Nxd3 29. Kxd3 Bxd5 30. exd5 Rdc7 31. c3 Rc5 32. c4 Rxc4 33. Rac1 R4c5 34.
Rxc5 Rxc5 35. Bc3 Rxd5+ 36. Ke4 Rc5 37. Kd3 Rc8 38. Bxa5 Ra8 39. Bc7 Rxa4 40.
Re8 Kf7 41. Rb8 d5 42. f5 Bc5 43. Rxb7 Rd4+ 44. Kc3 Rc4+ 1/2-1/2

[Event "BL 1920 Hamburger SK - USV TU Dresden"]
[Site "?"]
[Date "2021.10.16"]
[Round "14.4"]
[White "Heinemann, Thies"]
[Black "Boensch, Uwe"]
[Result "1-0"]
[WhiteElo "2502"]
[BlackElo "2508"]
[PlyCount "80"]
[EventDate "2021.??.??"]

1. e4 c5 2. Nf3 d6 3. Bb5+ Bd7 4. Bxd7+ Nxd7 5. O-O Ngf6 6. Qe2 e6 7. b3 Be7 8.
Bb2 O-O 9. c4 Qc7 10. d4 cxd4 11. Nxd4 a6 12. Nc3 Ne5 13. Rac1 Rfe8 14. Kh1 Nc6
15. Nxc6 bxc6 16. f4 e5 17. Qf3 exf4 18. Qxf4 Bf8 19. Rce1 Re6 20. g4 Rae8 21.
Re2 Qe7 22. Ref2 h6 23. h3 Qa7 24. Qf3 R8e7 25. Ba3 Nd7 26. Qg3 Nc5 27. Rf5 Rd7
28. Bxc5 dxc5 29. e5 Qb8 30. Ne4 Qd8 31. g5 Rd3 32. Qg2 Rg6 33. Rxf7 Be7 34. h4
hxg5 35. hxg5 Qd7 36. Kh2 Qe6 37. R7f5 Re3 38. Qg4 Rd3 39. Qh5 Rd4 40. Qf3 Qc8
1-0

[Event "BL 1920 Hamburger SK - USV TU Dresden"]
[Site "?"]
[Date "2021.10.16"]
[Round "14.5"]
[White "Maiwald, Jens-Uwe"]
[Black "Sebastian, Dirk"]
[Result "0-1"]
[WhiteElo "2437"]
[BlackElo "2448"]
[PlyCount "82"]
[EventDate "2021.??.??"]

1. d4 Nf6 2. Bg5 c5 3. Bxf6 gxf6 4. d5 f5 5. c4 Bg7 6. Nc3 Qa5 7. Qc1 O-O 8.
Nf3 b5 9. Nd2 b4 10. Nd1 e5 11. g3 d6 12. Bh3 Qd8 13. Qc2 Qf6 14. e4 f4 15.
Bxc8 Rxc8 16. Qd3 Nd7 17. Nf3 Nf8 18. b3 h5 19. Rg1 Ng6 20. g4 hxg4 21. Rxg4
Bh6 22. Nb2 Kh8 23. O-O-O Rg8 24. Rdg1 Ne7 25. Qf1 Rxg4 26. Rxg4 Rg8 27. Qh3
Rxg4 28. Qxg4 Qg6 29. Qxg6 fxg6 30. a3 a5 31. axb4 axb4 32. Kc2 Kg7 33. Na4 Nc8
34. Nxe5 dxe5 35. f3 g5 36. h3 Kg6 37. Nxc5 Kh7 38. Nd7 Bg7 39. c5 Kh6 40. d6
Kh5 41. Nb8 Na7 0-1

[Event "BL 1920 Hamburger SK - USV TU Dresden"]
[Site "?"]
[Date "2021.10.16"]
[Round "14.6"]
[White "Kramer, Julian"]
[Black "Hoffmann, Paul"]
[Result "1-0"]
[WhiteElo "2408"]
[BlackElo "2385"]
[PlyCount "53"]
[EventDate "2021.??.??"]

1. e4 c5 2. Nf3 d6 3. d4 cxd4 4. Nxd4 Nf6 5. Nc3 Nc6 6. Bg5 Qb6 7. Nb3 e6 8.
Bxf6 gxf6 9. Qd2 a6 10. O-O-O Bd7 11. f4 O-O-O 12. Be2 h5 13. Rhf1 Be7 14. Rf3
Kb8 15. Kb1 Rdg8 16. Bf1 Bc8 17. a3 Bd7 18. Na4 Qa7 19. c4 h4 20. Rd3 Rd8 21.
Nc3 Bc8 22. Ka2 Qg1 23. Rh3 Rdg8 24. Ne2 Qf2 25. c5 dxc5 26. Rf3 Rd8 27. Rxf2
1-0

[Event "BL 1920 Hamburger SK - USV TU Dresden"]
[Site "?"]
[Date "2021.10.16"]
[Round "14.7"]
[White "Loxine, Jakov"]
[Black "Meissner, Felix"]
[Result "1/2-1/2"]
[WhiteElo "2394"]
[BlackElo "2372"]
[PlyCount "65"]
[EventDate "2021.??.??"]

1. Nf3 Nf6 2. c4 e6 3. g3 c5 4. Bg2 Be7 5. O-O O-O 6. Nc3 d6 7. d4 cxd4 8. Nxd4
a6 9. e4 Qc7 10. Be3 Nbd7 11. Rc1 Ne5 12. b3 Neg4 13. Bd2 Ne5 14. Qe2 Bd7 15.
Kh1 Nc6 16. Nxc6 Bxc6 17. a4 Be8 18. f4 Nd7 19. g4 Nc5 20. Rb1 Qd8 21. g5 e5
22. f5 Bxg5 23. a5 Nd7 24. Nd5 Bxd2 25. Qxd2 Nf6 26. Nb6 Rb8 27. b4 Bc6 28. Qe2
Qc7 29. Rb3 h6 30. Rc3 Kh7 31. Rfc1 Qe7 32. Rf1 Rbd8 33. Rh3 1/2-1/2

[Event "BL 1920 Hamburger SK - USV TU Dresden"]
[Site "?"]
[Date "2021.10.16"]
[Round "14.8"]
[White "Bracker, Frank"]
[Black "Moehn, Hans"]
[Result "0-1"]
[WhiteElo "2378"]
[BlackElo "2354"]
[PlyCount "102"]
[EventDate "2021.??.??"]

1. Nf3 Nf6 2. c4 g6 3. Nc3 Bg7 4. e4 d6 5. d4 O-O 6. Be2 Na6 7. O-O c5 8. Re1
cxd4 9. Nxd4 b6 10. Be3 Bb7 11. f3 Nc5 12. Qd2 Rc8 13. Rac1 a6 14. Bf1 Ncd7 15.
Rc2 Re8 16. Kh1 e6 17. Bg5 Qc7 18. Bh4 Qb8 19. Bg3 Nh5 20. Bf2 Be5 21. g3 Bg7
22. b3 Nhf6 23. Kg1 Red8 24. g4 Ne5 25. h3 d5 26. f4 Nxe4 27. Nxe4 dxe4 28.
fxe5 Bxe5 29. Bg2 Bxd4 30. Bxd4 e5 31. Qf2 Rxd4 32. Rce2 Qd6 33. Bxe4 Bxe4 34.
Rxe4 Rxe4 35. Rxe4 f6 36. h4 Rd8 37. Kh2 Kg7 38. Kg3 Qd3+ 39. Re3 Qd4 40. Qf3
Rd7 41. Re1 Qd2 42. Re2 Qd1 43. Kf2 Qd4+ 44. Kg2 a5 45. h5 gxh5 46. gxh5 Qh4
47. Re4 Rd2+ 48. Kf1 Rd1+ 49. Qxd1 Qxe4 50. Kf2 Qf4+ 51. Kg2 e4 0-1

[Event "BL 1920 SK Doppelbauer Turm Kiel - SF B"]
[Site "?"]
[Date "2021.10.16"]
[Round "14.1"]
[White "Piorun, Kacper"]
[Black "Demchenko, Anton"]
[Result "1/2-1/2"]
[WhiteElo "2655"]
[BlackElo "2651"]
[PlyCount "100"]
[EventDate "2021.??.??"]

1. e4 e5 2. Nf3 Nc6 3. Bc4 Nf6 4. Ng5 d5 5. exd5 Na5 6. Bb5+ c6 7. dxc6 bxc6 8.
Bd3 Nd5 9. Nf3 Bd6 10. O-O O-O 11. Re1 f5 12. Nxe5 Qf6 13. Nf3 g5 14. c4 Nf4
15. Bf1 g4 16. d4 gxf3 17. Qxf3 Ne6 18. Qc3 Qh4 19. g3 Qxd4 20. Qxa5 f4 21. Qd2
Bc5 22. Qxd4 Nxd4 23. Nd2 fxg3 24. hxg3 Nc2 25. Ne4 Bxf2+ 26. Nxf2 Nxe1 27. Bf4
Re8 28. c5 Nf3+ 29. Kh1 Bf5 30. Bg2 Ne5 31. Ne4 Bxe4 32. Bxe4 Rad8 33. b4 Kg7
34. Bg2 h5 35. Rb1 Re6 36. a4 Nd3 37. Bd6 Nf2+ 38. Kg1 Ne4 39. Bc7 Rde8 40. Rd1
R6e7 41. Bd8 Rf7 42. Bh4 Re6 43. Rc1 Nd2 44. b5 Nf3+ 45. Kh1 Nxh4 46. gxh4 Rfe7
47. Kh2 cxb5 48. axb5 Rg6 49. Bf3 Rf6 50. Bxh5 Rh6 1/2-1/2

[Event "BL 1920 SK Doppelbauer Turm Kiel - SF B"]
[Site "?"]
[Date "2021.10.16"]
[Round "14.2"]
[White "Khenkin, Igor"]
[Black "Schroeder, Jan-Christian"]
[Result "1/2-1/2"]
[WhiteElo "2540"]
[BlackElo "2568"]
[PlyCount "71"]
[EventDate "2021.??.??"]

1. d4 Nf6 2. c4 g6 3. Nc3 Bg7 4. e4 d6 5. Be2 O-O 6. Nf3 e5 7. dxe5 dxe5 8.
Qxd8 Rxd8 9. Bg5 Re8 10. Nd5 Nxd5 11. cxd5 c6 12. Bc4 cxd5 13. Bxd5 Nd7 14. Nd2
Nc5 15. Nc4 Bf8 16. O-O-O Be6 17. Rhe1 Rac8 18. Kb1 Bxd5 19. exd5 f6 20. Be3 b6
21. f3 Kf7 22. Re2 h5 23. Rc2 Red8 24. b3 Na6 25. a4 Rc7 26. d6 Rb7 27. Rcd2
Ke6 28. Rd5 Nb4 29. Rb5 Nc6 30. a5 Bxd6 31. axb6 axb6 32. Rxb6 Rxb6 33. Bxb6
Bc7 34. Rxd8 Bxd8 35. Bxd8 Nxd8 36. Kc2 1/2-1/2

[Event "BL 1920 SK Doppelbauer Turm Kiel - SF B"]
[Site "?"]
[Date "2021.10.16"]
[Round "14.3"]
[White "Tomczak, Jacek"]
[Black "Glud, Jakob Vang"]
[Result "1/2-1/2"]
[WhiteElo "2589"]
[BlackElo "2524"]
[PlyCount "63"]
[EventDate "2021.??.??"]

1. e4 e5 2. Nf3 Nc6 3. d4 exd4 4. Nxd4 Bb4+ 5. c3 Bc5 6. Be3 Bb6 7. Nf5 g6 8.
Bxb6 axb6 9. Ne3 Nf6 10. f3 d6 11. c4 Nh5 12. Qd2 Nf4 13. Nc3 Ne6 14. h4 Ncd4
15. Qf2 O-O 16. O-O-O c5 17. h5 Bd7 18. f4 Nc7 19. g3 g5 20. Nc2 Nxc2 21. Qxc2
Bc6 22. Qd2 Ne6 23. Qxd6 Qxd6 24. Rxd6 gxf4 25. gxf4 Nxf4 26. Rf6 Ne6 27. Rg1+
Kh8 28. Bh3 Nd4 29. Rgf1 Kg8 30. Rg1+ Kh8 31. Rgf1 Kg8 32. Rg1+ 1/2-1/2

[Event "BL 1920 SK Doppelbauer Turm Kiel - SF B"]
[Site "?"]
[Date "2021.10.16"]
[Round "14.4"]
[White "Bjerre, Jonas Buhl"]
[Black "Moroni, Luca Jr"]
[Result "1/2-1/2"]
[WhiteElo "2569"]
[BlackElo "2575"]
[PlyCount "125"]
[EventDate "2021.??.??"]

1. d4 Nf6 2. c4 e6 3. Nf3 d5 4. g3 dxc4 5. Bg2 c5 6. O-O Nc6 7. Ne5 Bd7 8. Nxc4
cxd4 9. Bf4 Be7 10. Nd6+ Kf8 11. Nxb7 Qb6 12. Nd6 Rd8 13. Nd2 Nd5 14. N6c4 Qc5
15. Ne5 Nxe5 16. Bxe5 Ne3 17. fxe3 Qxe5 18. Nc4 Qc7 19. Rc1 dxe3 20. Qd4 Bb5
21. Qe4 Bxc4 22. Rxc4 Qd7 23. b4 h5 24. a4 h4 25. Qf3 Bf6 26. g4 h3 27. Bxh3
Bh4 28. Qxe3 Bf6 29. Qf3 Qd5 30. Rf4 Kg8 31. Bg2 Be5 32. Qxd5 exd5 33. Rf5
Bxh2+ 34. Kf2 d4 35. Bd5 g6 36. Bxf7+ Kg7 37. Rf3 g5 38. Rf5 Bf4 39. Bc4 Rh2+
40. Kg1 Rdh8 41. R1xf4 gxf4 42. Rf7+ Kg6 43. Rxf4 Kg5 44. Rxd4 R2h4 45. Kf2
Rxg4 46. Rxg4+ Kxg4 47. Ke3 Kf5 48. Kd4 Kf6 49. Bd5 Ke7 50. Kc5 Kd7 51. b5 Rh4
52. e4 Rh1 53. a5 Rc1+ 54. Bc4 Re1 55. Kd5 Rd1+ 56. Ke5 Rc1 57. Kd4 Rd1+ 58.
Bd3 Ra1 59. a6 Rd1 60. Kc4 Kd6 61. Kd4 Kd7 62. Kc4 Kd6 63. Kd4 {Kd5+} 1/2-1/2

[Event "BL 1920 SK Doppelbauer Turm Kiel - SF B"]
[Site "?"]
[Date "2021.10.16"]
[Round "14.5"]
[White "Gumularz, Szymon"]
[Black "Gavrilescu, David"]
[Result "1/2-1/2"]
[WhiteElo "2534"]
[BlackElo "2505"]
[PlyCount "81"]
[EventDate "2021.??.??"]

1. d4 d5 2. c4 e6 3. Nf3 Nf6 4. Nc3 Bb4 5. cxd5 exd5 6. Bg5 h6 7. Bh4 O-O 8. e3
Bf5 9. Be2 Nbd7 10. Qb3 Bxc3+ 11. Qxc3 Ne4 12. Qb3 Ndf6 13. O-O Rb8 14. Rfc1 c6
15. a4 a5 16. Qa3 Qb6 17. Ne5 g5 18. Bg3 Nxg3 19. hxg3 Nd7 20. Nxd7 Bxd7 21.
Rc5 Qb4 22. Bd3 Rfe8 23. Rc3 b6 24. Rac1 Kg7 25. Kf1 h5 26. Be2 Rec8 27. f3
Qxa3 28. bxa3 h4 29. gxh4 gxh4 30. Kf2 Kf6 31. Rb1 Be6 32. Rbc1 c5 33. dxc5
bxc5 34. Rxc5 Rxc5 35. Rxc5 Rb3 36. Rxa5 Rxa3 37. Ra8 Ra2 38. Ke1 Ra1+ 39. Kf2
Ra2 40. Ke1 Ra1+ 41. Kf2 1/2-1/2

[Event "BL 1920 SK Doppelbauer Turm Kiel - SF B"]
[Site "?"]
[Date "2021.10.16"]
[Round "14.6"]
[White "Pakleza, Zbigniew"]
[Black "Baldauf, Marco"]
[Result "1/2-1/2"]
[WhiteElo "2501"]
[BlackElo "2511"]
[PlyCount "91"]
[EventDate "2021.??.??"]

1. e4 c6 2. d4 d5 3. exd5 cxd5 4. Bd3 Nf6 5. c3 Qc7 6. Na3 a6 7. h3 Nc6 8. Nc2
g6 9. Ne2 Bf5 10. Bxf5 gxf5 11. Bf4 Qd7 12. O-O e6 13. Ne1 Ne7 14. Be5 Bg7 15.
Nd3 Ng6 16. Bh2 O-O 17. Nef4 Rfe8 18. Nh5 Nxh5 19. Qxh5 Rad8 20. Rae1 f6 21. f4
b6 22. g4 Re7 23. Re3 Rde8 24. Rfe1 a5 25. R1e2 Bf8 26. Kh1 Qc8 27. g5 Bg7 28.
Rg2 fxg5 29. Rxg5 Bf6 30. Rxg6+ hxg6 31. Qxg6+ Bg7 32. Ne5 Rf8 33. Rg3 Qe8 34.
Bg1 Rc7 35. Qh6 Qe7 36. Rg2 Rf6 37. Qh5 Kf8 38. Ng6+ Rxg6 39. Rxg6 b5 40. Qe2
Kf7 41. Rg3 Qh4 42. Bh2 Rb7 43. Re3 Qh6 44. Kg2 Bf8 45. Bg3 Bd6 46. Rf3 1/2-1/2

[Event "BL 1920 SK Doppelbauer Turm Kiel - SF B"]
[Site "?"]
[Date "2021.10.16"]
[Round "14.7"]
[White "Blohberger, Felix"]
[Black "Parvanyan, Ashot"]
[Result "0-1"]
[WhiteElo "2497"]
[BlackElo "2453"]
[PlyCount "84"]
[EventDate "2021.??.??"]

1. e4 e5 2. Nf3 Nc6 3. Bc4 Bc5 4. c3 Nf6 5. d4 exd4 6. cxd4 Bb4+ 7. Nbd2 Nxe4
8. d5 Ne7 9. O-O Nxd2 10. Nxd2 Bxd2 11. Qxd2 d6 12. b4 O-O 13. Bb2 Ng6 14. Qc3
f6 15. Rac1 Bf5 16. h3 Rf7 17. Bb3 Rc8 18. Qf3 Bd7 19. Qg3 Re7 20. Rfe1 Qe8 21.
f3 Bf5 22. Kh2 Kh8 23. Rxe7 Qxe7 24. Re1 Qd7 25. Re3 h5 26. Qe1 h4 27. Bd4 Kg8
28. a4 a6 29. a5 Kf8 30. Qd1 Nf4 31. Qe1 Ng6 32. Qd1 Qf7 33. Qe1 Re8 34. Re6
Rxe6 35. dxe6 Qe7 36. Qe3 Kg8 37. Bc3 c6 38. Qa7 d5 39. Bd4 Qxb4 40. e7 Qxe7
41. Qb8+ Kh7 42. Ba4 Qb4 0-1

[Event "BL 1920 SK Doppelbauer Turm Kiel - SF B"]
[Site "?"]
[Date "2021.10.16"]
[Round "14.8"]
[White "Pajeken, Jakob Leon"]
[Black "Jakubowski, Krzysztof"]
[Result "0-1"]
[WhiteElo "2395"]
[BlackElo "2459"]
[PlyCount "92"]
[EventDate "2021.??.??"]

1. d4 Nf6 2. Nf3 d5 3. c4 c6 4. e3 a6 5. Bd3 Bg4 6. Qb3 b5 7. cxd5 Bxf3 8. gxf3
cxd5 9. a4 b4 10. f4 e6 11. Nd2 Be7 12. Nf3 Nc6 13. Ne5 Na5 14. Qd1 Ne4 15. O-O
g6 16. f3 Nd6 17. b3 f6 18. Ng4 Nf5 19. Bd2 Qb6 20. Rb1 O-O-O 21. Nf2 Kb7 22.
Qe1 Rc8 23. Nh1 g5 24. fxg5 fxg5 25. Ng3 Nh4 26. Qe2 h5 27. Kh1 Bd6 28. e4 g4
29. fxg4 hxg4 30. Qxg4 Qxd4 31. Qxe6 Qxd3 32. Qxd6 Nf3 33. Rxf3 Qxf3+ 34. Kg1
Qd3 35. Rf1 Qd4+ 36. Kh1 Rh7 37. Qxb4+ Qxb4 38. Bxb4 Rc2 39. Rf3 Nc6 40. Bd6
Nd4 41. Rd3 Rhxh2+ 42. Kg1 Rcg2+ 43. Kf1 Ra2 44. Kg1 Rhg2+ 45. Kh1 Rgf2 46. Kg1
Nf3+ 0-1

[Event "BL 1920 SV Werder Bremen - Aachener SV"]
[Site "?"]
[Date "2021.10.17"]
[Round "15.1"]
[White "Koch, Thomas"]
[Black "McShane, Luke J"]
[Result "0-1"]
[WhiteElo "2450"]
[BlackElo "2676"]
[PlyCount "134"]
[EventDate "2021.??.??"]

1. d4 Nf6 2. c4 e6 3. Nf3 b6 4. g3 Bb7 5. Bg2 Be7 6. O-O O-O 7. Nc3 Ne4 8. Bd2
Nxd2 9. Qxd2 d6 10. Ne1 c6 11. Rd1 Nd7 12. e4 a6 13. Nc2 b5 14. Ne3 bxc4 15.
Nxc4 a5 16. Rfe1 Re8 17. Qf4 Qb8 18. Rc1 a4 19. Qd2 Bf8 20. d5 Nc5 21. Rcd1
cxd5 22. exd5 e5 23. Ne4 Nxe4 24. Bxe4 Qa7 25. Qe3 Bc8 26. Bc2 Bg4 27. Rd3 Reb8
28. Ra3 Qxe3 29. Rexe3 Rb4 30. Rec3 Bd7 31. Bd3 f5 32. b3 e4 33. Be2 Rab8 34.
Na5 axb3 35. Raxb3 Ba4 36. Rxb4 Rxb4 37. Ra3 Bc2 38. Nc4 Rb1+ 39. Kg2 Re1 40.
Re3 g6 41. Na3 Bd1 42. Bf1 Bf3+ 43. Kg1 Ra1 44. Nc2 Rxa2 45. Nd4 Bd1 46. Rc3
Ra1 47. h3 Bg7 48. Rc8+ Kf7 49. Rc7+ Kf6 50. Kh2 Ra2 51. Kg1 h5 52. Rd7 Bf8 53.
Ne6 Be7 54. Nf4 g5 55. Ng6 Kxg6 56. Rxe7 Ra1 57. Re6+ Kg7 58. Kh2 Ra2 59. Kg1
Ra1 60. Kh2 Bb3 61. Bb5 Ra5 62. Bc6 Ra2 63. Rxd6 e3 64. Re6 exf2 65. Re7+ Kf6
66. Re6+ Kg7 67. Re7+ Kf8 0-1

[Event "BL 1920 SV Werder Bremen - Aachener SV"]
[Site "?"]
[Date "2021.10.17"]
[Round "15.2"]
[White "Areshchenko, Alexander"]
[Black "Vandenbussche, Thibaut"]
[Result "1-0"]
[WhiteElo "2690"]
[BlackElo "2413"]
[PlyCount "81"]
[EventDate "2021.??.??"]

1. e4 e6 2. d4 d5 3. Nc3 Bb4 4. e5 c5 5. a3 Ba5 6. b4 cxd4 7. Nb5 Bc7 8. f4 Bd7
9. Nf3 Bxb5 10. Bxb5+ Nd7 11. O-O Ne7 12. Kh1 a6 13. Bd3 Nb6 14. Nxd4 Nc4 15.
c3 Bb6 16. Bb1 g6 17. g4 Nc6 18. Nxc6 bxc6 19. Ra2 Be3 20. Re2 Qb6 21. f5 gxf5
22. gxf5 O-O-O 23. Qe1 Bxc1 24. Qxc1 Kb8 25. Bd3 Rhg8 26. fxe6 fxe6 27. Qh6 Rg4
28. Qxe6 Rdg8 29. Ree1 Nd2 30. Qd6+ Qc7 31. Rf8+ Rxf8 32. Qxf8+ Kb7 33. e6 Rf4
34. e7 Nf3 35. Qd8 Nxe1 36. Qxc7+ Kxc7 37. e8=Q Nxd3 38. Qe7+ Kc8 39. Qxh7 Nf2+
40. Kg2 Ne4 41. Qh8+ {Kb8 Qe5+} 1-0

[Event "BL 1920 SV Werder Bremen - Aachener SV"]
[Site "?"]
[Date "2021.10.17"]
[Round "15.3"]
[White "Piceu, Tom"]
[Black "Efimenko, Zahar"]
[Result "1/2-1/2"]
[WhiteElo "2345"]
[BlackElo "2601"]
[PlyCount "54"]
[EventDate "2021.??.??"]

1. d4 d6 2. c4 e5 3. Nf3 e4 4. Nfd2 f5 5. e3 Nf6 6. Nc3 Be7 7. f3 exf3 8. Nxf3
c5 9. Bd3 Nc6 10. O-O g6 11. e4 cxd4 12. Nd5 fxe4 13. Nxf6+ Bxf6 14. Bxe4 O-O
15. Bh6 Re8 16. Bd5+ Be6 17. Qd2 Bxd5 18. cxd5 Ne7 19. Nxd4 Bxd4+ 20. Qxd4 Qb6
21. Qxb6 axb6 22. g4 Nxd5 23. Rf3 g5 24. Bxg5 Re4 25. h3 Rf8 26. Raf1 Rxf3 27.
Rxf3 Kg7 1/2-1/2

[Event "BL 1920 SV Werder Bremen - Aachener SV"]
[Site "?"]
[Date "2021.10.17"]
[Round "15.4"]
[White "Hracek, Zbynek"]
[Black "Klein, Felix"]
[Result "1-0"]
[WhiteElo "2566"]
[BlackElo "2309"]
[PlyCount "101"]
[EventDate "2021.??.??"]

1. c4 e6 2. Nc3 d5 3. d4 Nf6 4. cxd5 exd5 5. Bg5 c6 6. e3 Bf5 7. Qf3 Bg6 8.
Bxf6 Qxf6 9. Qxf6 gxf6 10. Nf3 Nd7 11. Nh4 Be7 12. Ne2 Nb6 13. Ng3 Bb4+ 14. Kd1
Nc4 15. Bxc4 dxc4 16. Ngf5 O-O-O 17. Ke2 b5 18. f4 Rhe8 19. Kf3 c3 20. bxc3
Bxc3 21. Rac1 b4 22. a3 Bb2 23. axb4 Bxc1 24. Rxc1 Kd7 25. e4 Bxf5 26. Nxf5 Rb8
27. Ra1 Rb7 28. Ne3 Ra8 29. Ra4 Rb5 30. Nc4 Rab8 31. Rxa7+ R8b7 32. Rxb7+ Rxb7
33. Ne3 Rxb4 34. Nf5 Rb2 35. h4 c5 36. dxc5 Kc6 37. g3 Kxc5 38. Kg4 Re2 39. Kh5
Rxe4 40. Kh6 Kd5 41. Kxh7 Ra4 42. Nh6 Ke4 43. f5 Kf3 44. g4 Rxg4 45. Nxg4 Kxg4
46. Kg7 Kxf5 47. h5 Kg4 48. h6 f5 49. h7 Kg3 50. h8=Q f4 51. Qb8 1-0

[Event "BL 1920 SV Werder Bremen - Aachener SV"]
[Site "?"]
[Date "2021.10.17"]
[Round "15.5"]
[White "Lemmers, Oscar"]
[Black "Meins, Gerlef"]
[Result "1/2-1/2"]
[WhiteElo "2356"]
[BlackElo "2424"]
[PlyCount "81"]
[EventDate "2021.??.??"]

1. e4 c5 2. c3 d5 3. exd5 Qxd5 4. Nf3 Nf6 5. d4 Bg4 6. Be2 cxd4 7. cxd4 e6 8.
O-O Nc6 9. h3 Bh5 10. Nc3 Qd6 11. Qb3 Qb4 12. Be3 Be7 13. g4 Bg6 14. Ne5 O-O
15. Nxc6 bxc6 16. Qxb4 Bxb4 17. Rfc1 a5 18. Na4 Be4 19. Nb6 Rab8 20. Nc4 Nd5
21. f3 Nxe3 22. fxe4 Nxc4 23. Rxc4 Bd2 24. b3 Be3+ 25. Kg2 Rfd8 26. Rd1 Rb4 27.
Rxc6 Rbxd4 28. Rxd4 Bxd4 29. Ba6 Kf8 30. Rc8 Rxc8 31. Bxc8 Ke7 32. h4 Kd6 33.
Kf3 Ke5 34. Bd7 Bc3 35. Be8 f5 36. exf5 exf5 37. gxf5 Kxf5 38. Bd7+ Kf6 39. Kg4
g6 40. h5 gxh5+ 41. Kxh5 1/2-1/2

[Event "BL 1920 SV Werder Bremen - Aachener SV"]
[Site "?"]
[Date "2021.10.17"]
[Round "15.6"]
[White "Grigorian, Spartak"]
[Black "Sonntag, Hans-Hubert"]
[Result "1-0"]
[WhiteElo "2470"]
[BlackElo "2331"]
[PlyCount "69"]
[EventDate "2021.??.??"]

1. d4 Nf6 2. c4 g6 3. f3 Bg7 4. e4 d6 5. Nc3 O-O 6. Nge2 c5 7. d5 e6 8. Ng3
exd5 9. cxd5 a6 10. a4 Nbd7 11. Be2 h5 12. Bg5 Qb6 13. Qd2 Nh7 14. Bh4 Re8 15.
a5 Qb4 16. Nf1 b5 17. axb6 Nxb6 18. Bg3 Be5 19. Bxe5 Rxe5 20. Ne3 Qd4 21. b4
Qxd2+ 22. Kxd2 cxb4 23. Na4 Nxa4 24. Rxa4 Re7 25. Rxb4 Nf6 26. Nc4 Ne8 27. Rhb1
Bd7 28. Rb7 Rc8 29. R1b6 Kf8 30. Rxa6 f5 31. Raa7 Nf6 32. Nb6 Rd8 33. Bb5 Bxb5
34. Rxe7 Be8 35. Re6 1-0

[Event "BL 1920 SV Werder Bremen - Aachener SV"]
[Site "?"]
[Date "2021.10.17"]
[Round "15.7"]
[White "Meessen, Rudolf"]
[Black "Reuker, Jari"]
[Result "0-1"]
[WhiteElo "2228"]
[BlackElo "2404"]
[PlyCount "134"]
[EventDate "2021.??.??"]

1. d4 Nf6 2. Nc3 d5 3. Bf4 c5 4. e3 cxd4 5. exd4 a6 6. Nf3 Nc6 7. Ne5 Bd7 8.
Be2 e6 9. Nxd7 Nxd7 10. Qd3 Be7 11. O-O O-O 12. Nd1 Rc8 13. c3 Nf6 14. Qh3 Ne4
15. f3 Nd6 16. Bd3 f5 17. g4 g6 18. Ne3 Bg5 19. Ng2 Nf7 20. Rae1 e5 21. Bxe5
Nfxe5 22. dxe5 f4 23. Re2 Re8 24. e6 Qf6 25. Kh1 Ne5 26. Bc2 Rxe6 27. Bb3 Rd8
28. Rd1 Kg7 29. Red2 Red6 30. Ne1 Nc4 31. Bxc4 dxc4 32. Qg2 Bh4 33. Nc2 Rd3 34.
Nd4 Re8 35. Rxd3 cxd3 36. g5 Bxg5 37. Qf1 Re3 38. Rxd3 Bh4 39. Rxe3 fxe3 40.
Qd3 Bf2 41. Qe4 b5 42. b3 h5 43. f4 Kh6 44. Qe5 Qxe5 45. fxe5 Be1 46. e6 Kg7
47. e7 Kf7 48. e8=Q+ Kxe8 49. Ne2 g5 50. Kg2 g4 51. Kf1 Bf2 52. Nf4 h4 53. Ke2
h3 54. Kf1 g3 55. hxg3 h2 56. Kg2 Bxg3 57. Ne2 Be5 58. Nc1 Ke7 59. Ne2 Kd6 60.
Nc1 Kd5 61. Kh1 Ke4 62. Kg2 a5 63. Kh1 Kf3 64. c4 bxc4 65. bxc4 e2 66. Nd3 Bg3
67. c5 Ke3 0-1